Zwierzęta #2 - Statystyki

Ogólne statystyki
  • Ten quiz został rozwiązany 25 razy
    11 od ostatniego zresetowania
  • Średni wynik to 11 z 16
Statystyki odpowiedzi
Obrazkowy Odpowiedź % Poprawnych
Sęp
91%
Żółw
91%
Kangur
82%
Puma
82%
Świnia
82%
Bizon
73%
Kolczatka
73%
Owca
73%
Papuga
73%
Ryś
73%
Żuk
73%
Patyczak
64%
Gazela
36%
Suseł
36%
Kojot
27%
Szakal
27%
Nie znaleziono quizów pasujących do podanych kryteriów
Rozkład punktacji
Procent ludzi z każdym wynikiem
Percentyl według liczby udzielonych odpowiedzi
Twoja historia wyników
Nie rozwiązałeś tego quizu od ostatniego zresetowania